Small manufacturer orders fall for tenth successive quarter (Record no. 73246)

MARC details
000 -LEADER
fixed length control field 01250cam a2200241 4500
001 - CONTROL NUMBER
control field WB3931-13
008 - FIXED-LENGTH DATA ELEMENTS--GENERAL INFORMATION
fixed length control field 030820n2003 000 0 eng u
035 ## - SYSTEM CONTROL NUMBER
System control number (Sirsi) u123310
245 ## - TITLE STATEMENT
Title Small manufacturer orders fall for tenth successive quarter
260 ## - PUBLICATION, DISTRIBUTION, ETC.
Date of publication, distribution, etc. 2003
490 ## - SERIES STATEMENT
Series statement CBI News Release
Volume/sequential designation 8 August 2003 (3)
520 ## - SUMMARY, ETC.
Summary, etc. The latest CBI quarterly review of small and medium-sized enterprises (SMEs) in manufacturing shows that demand for their products has fallen continuously for two and a half years. Orders fell for the 10th quarter in a row with the smallest firms hit worst. Decline in output was the slowest for a year. SMEs were less optimistic about the business situation than three months ago. Job cutting has continued among SMEs at a slightly faster rate. Average costs rose at their fastest rate for two years while prices continued to fall at a sharp rate. http://www.cbi.org.uk/ndbs/press.nsf/0363c1f07c6ca12a8025671c00381cc7/1f1db364c129459180256d78003b2811?OpenDocument
590 ## - LOCAL NOTE (RLIN)
Local note WB
650 ## - SUBJECT ADDED ENTRY--TOPICAL TERM
Topical term or geographic name entry element MANUFACTURING COMPANIES
650 ## - SUBJECT ADDED ENTRY--TOPICAL TERM
Topical term or geographic name entry element SMES
650 ## - SUBJECT ADDED ENTRY--TOPICAL TERM
Topical term or geographic name entry element ECONOMIC OUTLOOK
650 ## - SUBJECT ADDED ENTRY--TOPICAL TERM
Topical term or geographic name entry element CBI SURVEY
650 ## - SUBJECT ADDED ENTRY--TOPICAL TERM
Topical term or geographic name entry element COSTS
650 ## - SUBJECT ADDED ENTRY--TOPICAL TERM
Topical term or geographic name entry element OUTPUT
650 ## - SUBJECT ADDED ENTRY--TOPICAL TERM
Topical term or geographic name entry element ORDERS
690 ## - LOCAL SUBJECT ADDED ENTRY--TOPICAL TERM (OCLC, RLIN)
Topical term or geographic name as entry element ECONOMIC ISSUES
942 ## - ADDED ENTRY ELEMENTS (KOHA)
Suppress in OPAC 0
Holdings
Withdrawn status Lost status Source of classification or shelving scheme Damaged status Not for loan Home library Current library Shelving location Date acquired Total Checkouts Full call number Barcode Date last seen Copy number Price effective from Koha item type
    Dewey Decimal Classification     London London Journal article 20/08/2003   WB3931-13 123310-1001 06/08/2019 1 06/08/2019 Journal article